Tài liệu bổ trợ việc học tiếng Thái căn bản

محفوظ في:
التفاصيل البيبلوغرافية
التنسيق: كتاب
الوسوم: إضافة وسم
لا توجد وسوم, كن أول من يضع وسما على هذه التسجيلة!
Thư viện lưu trữ: Mạng thư viện Đại học Đà Nẵng
LEADER 00450nam a22001691a 4500
001 000036671
003 12966
005 20160412012707.0
008 160412s0 000
082 |a 4T(07)61 
245 |a Tài liệu bổ trợ việc học tiếng Thái căn bản  |c Chajparek Punatra 
OWN |a LNN 
999 |a From the UDN01 
TYP |a Monograph 
980 |a Mạng thư viện Đại học Đà Nẵng